Statistics for German - Personal Quality Adjectives

Click here to take the quiz!

General Stats

  • This quiz has been taken 71 times
    (16 since last reset)
  • The average score is 15 of 32

Answer Stats

AnswerHint% Correct
großTall
90%
schönBeautiful
90%
faulLazy
80%
lustigFunny
80%
starkStrong
80%
intelligentIntelligent
70%
langweiligBoring
70%
freundlichFriendly
60%
hässlichUgly
60%
kleinShort
60%
nettNice
60%
ehrlichHonest
50%
fleißigHard-working
50%
geduldigPatient
50%
hilfsbereitReady to help
50%
hübschPretty
50%
gutaussehendGood-looking
40%
muskulösMuscular
40%
strengStrict
40%
entspanntRelaxed
30%
gemein zu mirMean to me
30%
großzügigGenerous
30%
gut gelauntIn a good mood
30%
schlauSmart
30%
schüchternShy
30%
zuverlässigReliable
30%
frechCheeky
20%
schlankSlim
20%
sturStubborn
20%
geizigStingy
10%
geschwätzigTalkative
10%
pummeligChubby
10%

Score Distribution

Percentile by Number Answered

Percent of People with Each Score

Your Score History

You have not taken this quiz since the last reset